00254nam a2200109Ia 4500008004100000245002900041260002200070440000600092521002200098942000700120999001700127140130s9999 xx 000 0 und d cJoyce, JamieaToe tagged bScholastic,c2007 v1 aGrade 3 - Grade 4 cBK c40938d40938